000
00245 a2200097 4500
001
48626
100
_a
Gunston, Bill
245
_a
An ill guide to allied fighters of world war 2nd
260
_a
London
_b
Salamandar book
_c
090
_c
31553
_d
31553
942
_a
NUST-CAE
_c
M
_c
23951
999
_c
283699
_d
283699